000 00582cam a22002053a 4500
001 43921
003 PGUSA
005 20140828084012.0
008 131009s2013||||xxu|||||s|||||000 | eng d
040 _aPGUSA
_beng
042 _adc
100 1 _aCurtis, William Eleroy,
_d1850-1911
245 1 0 _aOne Irish Summer
_h[electronic resource] /
_cWilliam Eleroy Curtis
260 _bProject Gutenberg,
_c2013
506 _aPublic domain in the USA.
516 _aElectronic text
830 0 _aProject Gutenberg
_v43921
856 4 0 _uhttp://www.gutenberg.org/ebooks/43921
942 _cEB
999 _c273172
_d273172